Gobierno político de los pueblos de España y el corregidor, alcalde y juez de ellos / (Record no. 68980)

MARC details
000 -LEADER
campo de control de longitud fija 01148nam a2200289 i 4500
001 - NÚMERO DE CONTROL
campo de control 68980
003 - IDENTIFICADOR DE NÚMERO DE CONTROL
campo de control ES-MaACL
005 - FECHA Y HORA DE LA ÚLTIMA TRANSACCIÓN
campo de control 20260301150820.0
007 - CAMPO FIJO DE DESCRIPCIÓN FÍSICA--INFORMACIÓN GENERAL
campo de control de longitud fija t|
008 - DATOS DE LONGITUD FIJA--INFORMACIÓN GENERAL
campo de control de longitud fija 040823s1979 sp |||| | spa d
020 ## - NÚMERO INTERNACIONAL ESTÁNDAR DEL LIBRO
Número Internacional Estándar del Libro 84-7088-238-4
080 ## - NÚMERO DE LA CLASIFICACIÓN DECIMAL UNIVERSAL
Número de la Clasificación Decimal Universal 352(46)"17"
080 ## - NÚMERO DE LA CLASIFICACIÓN DECIMAL UNIVERSAL
Número de la Clasificación Decimal Universal 352(46).075.31"17"
100 1# - ENTRADA PRINCIPAL--NOMBRE DE PERSONA
Nombre de persona Santayana Bustillo, Lorenzo.
9 (RLIN) 103359
245 10 - MENCIÓN DEL TÍTULO
Título Gobierno político de los pueblos de España y el corregidor, alcalde y juez de ellos /
Mención de responsabilidad, etc. Lorenzo Santayana Bustillo ; estudio preliminar por Francisco Tomás y Valiente.
260 ## - PUBLICACIÓN, DISTRIBUCIÓN, ETC.
Lugar de publicación, distribución, etc. Madrid :
Nombre del editor, distribuidor, etc. Instituto de Estudios de Administración Local,
Fecha de publicación, distribución, etc. 1979.
300 ## - DESCRIPCIÓN FÍSICA
Extensión XLVI, 256 p. ;
Dimensiones 22 cm.
490 1# - MENCIÓN DE SERIE
Mención de serie Administración y ciudadano ;
Designación de volumen o secuencia 6
650 #4 - PUNTO DE ACCESO ADICIONAL DE MATERIA--TÉRMINO DE MATERIA
Término de materia o nombre geográfico como elemento de entrada Administración municipal-
Subdivisión geográfica España-
Subdivisión cronológica S.XVIII.
9 (RLIN) 148340
650 #4 - PUNTO DE ACCESO ADICIONAL DE MATERIA--TÉRMINO DE MATERIA
Término de materia o nombre geográfico como elemento de entrada Alcaldes-
Subdivisión geográfica España-
Subdivisión de forma Historia.
9 (RLIN) 148341
650 ## - PUNTO DE ACCESO ADICIONAL DE MATERIA--TÉRMINO DE MATERIA
Término de materia o nombre geográfico como elemento de entrada Corregidores.
9 (RLIN) 174113
700 0# - ENTRADA AGREGADA--NOMBRE PERSONAL
Nombre de persona Tomás y Valiente, Francisco,
Fechas asociadas al nombre 1932-1996
9 (RLIN) 110535
710 2# - ENTRADA AGREGADA--NOMBRE DE ENTIDAD CORPORATIVA
Nombre de entidad corporativa o nombre de jurisdicción como elemento de entrada Instituto de Estudios de Administración Local (España)
9 (RLIN) 4893
830 10 - PUNTO DE ACCESO ADICIONAL DE SERIE-TÍTULO UNIFORME
Título uniforme Colección Administración y ciudadano
Designación de volumen o secuencia 6
9 (RLIN) 184524
852 ## - LOCALIZACIÓN
Ubicación ES-MaACL
Número de control de estantería L-9637
Holdings
Estatus retirado Estado de pérdida Estado de daño No para préstamo Biblioteca de origen Biblioteca actual Ubicación en estantería Fecha de adquisición Fuente de adquisición Total de préstamos Signatura topográfica completa Código de barras Visto por última vez Precio de reemplazo Tipo de ítem Koha
        Biblioteca del Ateneo de Madrid Biblioteca del Ateneo de Madrid Depósito 2 17/01/2008     L-9637 1072233 23/02/2023 23/02/2023 Libro impreso